000
00468nam a2200181Ia 4500
008
090124s9999 xx 000 0 und d
082
_b
119184
100
_a
काळे वैजयंती.
245
_a
मदहोश
250
_a
1
260
_c
1982
300
_a
235
600
_a
काळे वैजयंती.
630
_a
मदहोश
700
_a
काळे वैजयंती.
730
_a
मदहोश
942
_c
BOOK
999
_c
165270
_d
165270